Droit Pénal Contemporain : (Record no. 73495)
[ view plain ]
| 000 -LEADER | |
|---|---|
| fixed length control field | 01544nam a2200289 i 4500 |
| 003 - CONTROL NUMBER IDENTIFIER | |
| control field | EG-GICUC |
| 005 - DATE AND TIME OF LATEST TRANSACTION | |
| control field | 20260426174127.0 |
| 008 - FIXED-LENGTH DATA ELEMENTS--GENERAL INFORMATION | |
| fixed length control field | 260426t1989 fr ||||fr|||| 000 0 Fre d |
| 040 ## - CATALOGING SOURCE | |
| Original cataloging agency | EG-GICUC |
| Transcribing agency | EG-GICUC |
| Modifying agency | EG-GICUC |
| Description conventions | rda |
| Language of cataloging | fre |
| 041 0# - LANGUAGE CODE | |
| Language code of text/sound track or separate title | fre |
| 082 04 - DEWEY DECIMAL CLASSIFICATION NUMBER | |
| Edition number | 21 |
| Classification number | 343 |
| Item number | DR |
| 092 04 - LOCALLY ASSIGNED DEWEY CALL NUMBER (OCLC) | |
| Edition number | 21 |
| 099 ## - LOCAL FREE-TEXT CALL NUMBER (OCLC) | |
| Classification number | Law1 10 343 DR [1989] |
| 245 00 - TITLE STATEMENT | |
| Title | Droit Pénal Contemporain : |
| Remainder of title | Mélanges En L'honneur D'andré Vitu. |
| 264 1# - PRODUCTION, PUBLICATION, DISTRIBUTION, MANUFACTURE, AND COPYRIGHT NOTICE | |
| Place of production, publication, distribution, manufacture | Paris : |
| Name of producer, publisher, distributor, manufacturer | Éditions Cujas, |
| Date of production, publication, distribution, manufacture, or copyright notice | [1989]. |
| 300 ## - PHYSICAL DESCRIPTION | |
| Extent | 468 pages, pages non numérotées ; |
| Dimensions | 24 cm. |
| 336 ## - CONTENT TYPE | |
| Source | rda content |
| Content type term | text |
| 337 ## - MEDIA TYPE | |
| Source | rda media |
| Media type term | Computer |
| 338 ## - CARRIER TYPE | |
| Source | rda carrier |
| Carrier type term | Online Resource |
| 500 ## - GENERAL NOTE | |
| General note | La LOI Du 11 Mars 1957 N'autorisant, Aux Termes Des Alinéas 2 Et 3 De L'article 41, D'une Part, Que Les Copies Ou Reproductions Strictement Réservées À L'usage Privé Du Copiste Et Non Destinées À Une Utilisation Collective, E D'autre Part, Que Les Analyses Et Les Courtes Citations Dans UN But D'exemple Et D'illustration, Toute Représentation Ou Reproduction Intégrale, Ou Partielle, Fuite Sans Le Consentement De L'auteur Ou De SES Ayants Droit Ou Ayants Cause, Est Illicite (Alinéa 1" De L'article 40).<br/>Cette Représentation Ou Reproduction, Par Quelque Procédé Que Ce Soit, Constituerait Donc Une Contrefaçon Sanctionnée Par Les Articles 425 Et Suivants Du Code Pénal. |
| 546 ## - LANGUAGE NOTE | |
| Language note | Texte en français |
| 650 1# - SUBJECT ADDED ENTRY--TOPICAL TERM | |
| Source of heading or term | Droit pénal |
| 651 1# - SUBJECT ADDED ENTRY--GEOGRAPHIC NAME | |
| Source of heading or term | qrmak |
| 856 40 - ELECTRONIC LOCATION AND ACCESS | |
| Uniform Resource Identifier | <a href="https://fll.law.cu.edu.eg/fulltext/bks/B10-11576.pdf">https://fll.law.cu.edu.eg/fulltext/bks/B10-11576.pdf</a> |
| 905 ## - Cataloger and Reviser Names | |
| Cataloger Name: | Omar |
| 942 ## - ADDED ENTRY ELEMENTS (KOHA) | |
| Source of classification or shelving scheme | Dewey Decimal Classification |
| Koha item type | Books |
| Edition | 21 |
| Suppress in OPAC | No |
| Withdrawn status | Lost status | Source of classification or shelving scheme | Damaged status | Not for loan | Collection | Home library | Current library | Date acquired | Total checkouts | Full call number | Barcode | Date last seen | Copy number | Price effective from | Koha item type |
|---|---|---|---|---|---|---|---|---|---|---|---|---|---|---|---|
| Dewey Decimal Classification | Not for loan | القانون الجنائي | جــــامعة القــاهرة | مكتبة كلية الحقوق - المبنى الرئيسي | 26.04.2026 | Law1 10 343 DR [1989] 1011576 C1 | B10-11576 | 26.04.2026 | 1 | 26.04.2026 | Books |